[Event "Niederrhein-ch"]
[Site "Krefeld"]
[Date "2013.03.26"]
[Round "4"]
[White "Junker, Bernd"]
[Black "Hampel, Ernst"]
[Result "0-1"]
[WhiteElo "1630"]
[BlackElo "1498"]
[PlyCount "138"]
[EventDate "2013.03.23"]
[EventType "swiss"]
[EventRounds "7"]
[EventCountry "GER"]
[SourceTitle "EXT 2015"]
[Source "ChessBase"]
[SourceDate "2014.11.20"]
[SourceVersion "1"]
[SourceVersionDate "2014.11.20"]
[SourceQuality "1"]

1. c4 c5 2. Nc3 Nf6 3. Nf3 Nc6 4. g3 d6 5. Bg2 Bg4 6. 0-0 e6 7. d3 Be7 8. Rb1 0-0 9. a3 Rb8 10. b4 Nd7 11. b5 Bxf3 12. Bxf3 Nd4 13. Bg2 Bf6 14. Ne4 Be7 15. e3 Nf5 16. Bb2 Nf6 17. Qa4 Qb6 18. Bxf6 Bxf6 19. Nxf6+ gxf6 20. Bh3 Ne7 21. Qd1 Ng6 22. Qd2 Ne5 23. Bg2 Qd8 24. f4 Ng4 25. Qe2 f5 26. Bf3 Nh6 27. e4 b6 28. Qb2 f6 29. d4 fxe4 30. Bxe4 f5 31. Bf3 Qf6 32. Rfd1 Rbd8 33. dxc5 Qxb2 34. Rxb2 dxc5 35. Rbd2 Rxd2 36. Rxd2 Kg7 37. Bh5 Ng4 38. Rd7+ Kf6 39. Bxg4 fxg4 40. Kg2 Kg6 41. h3 h5 42. hxg4 hxg4 43. Rxa7 Rd8 44. Ra6 Rd6 45. Kf2 Kf5 46. Ke3 e5 47. fxe5 Kxe5 48. a4 Rf6 49. a5 Rf3+ 50. Ke2 bxa5 51. Rxa5 Kd4 52. b6 Re3+ 53. Kf2 Rf3+ 54. Kg2 Rf7 55. Ra7 Rf8 56. Rg7 Kxc4 57. Rxg4+ Kb3 58. b7 Rb8 59. Kf2 Rxb7 60. Ke2 Rd7 61. Rg8 c4 62. Rb8+ Kc2 63. g4 c3 64. g5 Rg7 65. Rb5 Kc1 66. Kd3 c2 67. Rc5 Rd7+ 68. Ke2 Rd2+ 69. Ke3 Kd1 0-1